000 00378nam a2200145Ia 4500
008 151213s9999 xx 000 0 und d
100 _aMd. Abdul Halim
245 _aConstitutional Law & Politics Bangladesh Perspective
_cMd. Abdul Halim
260 _aDhaka
_bIV - Co
_c1998
300 _a2101 p.
650 _aLaw
650 _aLaw
700 _aMd. Abdul Halim
999 _c1548
_d1548